Normal view
MARC view
Entry Nombre corporativo
001 - NÚMERO DE CONTROL
- campo de control: 60036
003 - IDENTIFICADOR DEL NÚMERO DE CONTROL
- campo de control: OSt
005 - FECHA Y HORA DE LA ÚLTIMA TRANSACCIÓN
- campo de control: 20220127112158.0
008 - DATOS DE LONGITUD FIJA
- campo de control de longitud fija: 010215|| aznnnabb| un and |u
040 ## - FUENTE DE LA CATALOGACIÓN
- Centro catalogador/agencia de origen: OSt
- Centro/agencia transcriptor: OSt
110 00 - ENCABEZAMIENTO-NOMBRE DE ENTIDAD CORPORATIVA
- Nombre de entidad corporativa o nombre de jurisdicción como elemento de entrada: International Symposium on The Use of Biological Control Agents under Integrated Pest Management
- Fecha del congreso/reunión o de la firma de un tratado: (1993 :
- Sede del congreso/Lugar de la reunión: Fukuoka, Japan)
